|
|
|
|
| LEADER |
00000nam2a2200000 4500 |
| 001 |
224138 |
| 005 |
20231031200337.0 |
| 035 |
|
|
|a (RuTPU)RU\TPU\book\244425
|
| 035 |
|
|
|a RU\TPU\book\244395
|
| 090 |
|
|
|a 224138
|
| 100 |
|
|
|a 20121019d1974 k y0rusy50 ca
|
| 101 |
0 |
|
|a rus
|
| 102 |
|
|
|a RU
|
| 105 |
|
|
|a a z 000zy
|
| 200 |
0 |
|
|a Т. 208
|
| 210 |
|
|
|c Изд-во Томского ун-та
|d 1974
|
| 215 |
|
|
|a 130 с.
|c рис., граф., схемы, табл., черт.
|
| 461 |
|
1 |
|0 (RuTPU)RU\TPU\book\200995
|t Известия Томского политехнического института [Известия ТПИ]
|f Томский политехнический институт (ТПИ)
|v Т. 208
|d 1944-1976
|
| 601 |
0 |
2 |
|a Томский политехнический институт (ТПИ)
|c (1944-1991)
|2 stltpush
|3 (RuTPU)RU\TPU\col\1123
|
| 610 |
1 |
|
|a научные исследования
|
| 610 |
1 |
|
|a автоматика
|
| 610 |
1 |
|
|a вычислительная техника
|
| 610 |
1 |
|
|a автоматический контроль
|
| 610 |
1 |
|
|a электрические измерения
|
| 610 |
1 |
|
|a радиотехнические измерения
|
| 610 |
1 |
|
|a метод вихревых токов
|
| 610 |
1 |
|
|a бетатроны
|
| 610 |
1 |
|
|a инжекция
|
| 610 |
1 |
|
|a следящие системы
|
| 610 |
1 |
|
|a труды учёных ТПУ
|
| 675 |
|
|
|a 62
|v 3
|
| 801 |
|
1 |
|a RU
|b 63413507
|c 20090209
|g PSBO
|
| 801 |
|
2 |
|a RU
|b 63413507
|c 20130326
|g PSBO
|
| 942 |
|
|
|c BK
|